000 00386nam a2200169Ia 4500
003 OSt
005 20240212102533.0
008 210210b1945 xxu||||| |||| 00| 0 eng d
040 _cAL
041 _aeng
082 _a828/642
100 _aTHOMPSON (E)
_9150470
245 _aRobert Bridges
260 _aLondon
_bOxford University Press
_c1945
906 _a016488
942 _2ddc
_cBK
999 _c136022
_d136022